Making Thirteen Colonies (Record no. 32171)

MARC details
000 -LEADER
fixed length control field 00412nam a2200181Ia 4500
020 ## - INTERNATIONAL STANDARD BOOK NUMBER
ISBN 0-19-512773-0
050 ## - CALL MARK
Classification number E178.3.H22
100 ## - STATEMENT OF RESPONSIBILITY--MAIN AUTHOR NAME
Personal name Joy Hakim
245 #0 - TITLE STATEMENT
Title Making Thirteen Colonies
250 ## - EDITION / VOLUME STATEMENT
Edition / Volume statement 2nd ed.
260 ## - PUBLICATION, DISTRIBUTION, ETC. (IMPRINT)
Place of publication Ney York
260 ## - PUBLICATION, DISTRIBUTION, ETC. (IMPRINT)
Name of publisher Oxford University Press
260 ## - PUBLICATION, DISTRIBUTION, ETC. (IMPRINT)
Year of publication 1993
300 ## - PHYSICAL DESCRIPTION
Number of Pages 167 p
942 ## - ADDED ENTRY ELEMENTS (KOHA)
Koha item type Books
Holdings
Withdrawn status Lost status Source of classification or shelving scheme Damaged status Not for loan Permanent Location Current Location Date acquired Accession Number Price effective from Koha item type
    Library of Congress Classification     NILE UNIVERSITY OF NIGERIA - MAIN LIBRARY NILE UNIVERSITY OF NIGERIA - MAIN LIBRARY 04/23/2025 0002330 04/23/2025 Books